000 00818nam a2200253 4500
003 LK-CoMWRAF
005 20231120094640.0
008 231119b2010 |||||||| |||| 00| 0 eng d
020 _a9780954494391
040 _aLK-CoMWRAF
_dLK-CoMWRAF
_eLK-CoMWRAF
041 _aeng
082 _a340.59
_bMIR
100 _aMir-Hosseini, Ziba
245 _aControl and sexuality :
_bthe revival of Zina laws in Muslim contexts
260 _aLondon :
_bWomen Living Under Muslim Laws,
_c2010
300 _axix, 235 p. ; 21 cm.
_bIndex included
650 _aSex -Religious aspects -- Islam
650 _aMuslim women -- Political activity
650 _a Feminism -- Religious aspects -- Islam
650 _a Muslim women -- Legal status, laws
650 _aWomen's rights
700 _aHamzic, Vanja
942 _cBK
999 _c4150
_d4150